Geography Quiz

Random Geography or City Quiz

6-Letter Cities (Europe) Quiz Stats

 Plays Quiz Updated Feb 13, 2019

Support Sporcle.
Go Orange.
Score 0/20 Timer 08:00
0 Plays Today
Rank City % Correct
2London, United Kingdom
97.7%
3Berlin, Germany
90.6%
4Madrid, Spain
90.5%
1Moscow, Russia
83.3%
17Dublin, Ireland
73.9%
18Lisbon, Portugal
73.1%
14Athens, Greece
69.4%
6Warsaw, Poland
66.9%
5Vienna, Austria
64.8%
8Prague, Czechia
64.2%
Rank City % Correct
7Munich, Germany
61.4%
11Naples, Italy
46.2%
13Zagreb, Croatia
37.7%
12Krakow, Poland
33%
10Odessa, Ukraine
14.4%
16Bremen, Germany
13.9%
15Malaga, Spain
12.1%
19Poznan, Poland
6.6%
9Samara, Russia
6.5%
20Ryazan, Russia
2.2%

From the Vault

Name the London Premier League Teams

by eyes355

Sports 4m
What's the goal here? Naming teams, of course.
Remove Ads.
Support Sporcle.
Get the best of Sporcle when you Go Orange. This ad-free experience offers more features, more stats, and more fun while also helping to support Sporcle. Thank you for becoming a member.

Show Comments

Extras

Top Quizzes Today


Score Distribution

Your Account Isn't Verified!

In order to create a playlist on Sporcle, you need to verify the email address you used during registration. Go to your Sporcle Settings to finish the process.

Report this User

Report this user for behavior that violates our Community Guidelines.

Details: